header

Derrida reframed (Record no. 238365)

MARC details
000 -LEADER
fixed length control field 01440nam a2200373 a 4500
082 04 - DEWEY DECIMAL CLASSIFICATION NUMBER
Classification number 194
100 1# - MAIN ENTRY--AUTHOR NAME
Personal name Richards, Kevin Malcolm,
245 10 - TITLE STATEMENT
Title Derrida reframed
260 ## - PUBLICATION, DISTRIBUTION, ETC. (IMPRINT)
Place of publication London ;
-- New York :
Name of publisher I. B. Tauris,
Year of publication 2008.
300 ## - PHYSICAL DESCRIPTION
Number of Pages 149 p. :
Other physical details ill.
490 1# - SERIES STATEMENT
Series statement Contemporary thinkers reframed series
650 #0 - SUBJECT ADDED ENTRY--TOPICAL TERM
Topical Term Art and philosophy.
Topical Term Deconstructivism (Architecture)
Topical Term Difference (Philosophy) in art.
856 40 - ELECTRONIC LOCATION AND ACCESS
Uniform Resource Identifier http://site.ebrary.com/lib/rucke/Doc?id=10522061

No items available.

© 2026 Rongo University
Contact us: librarian | system librarian | Rongo university